| 000 | 00990cam a22002533a 4500 | ||
|---|---|---|---|
| 001 | 4265 | ||
| 003 | PGUSA | ||
| 005 | 20140828083051.0 | ||
| 008 | 030701s2003||||xxu|||||s|||||000 | eng d | ||
| 040 |
_aPGUSA _beng |
||
| 042 | _adc | ||
| 050 | 4 | _aPZ | |
| 100 | 1 |
_aMabie, Hamilton Wright, _d1846-1916 |
|
| 245 | 1 | 0 |
_aHeroes Every Child Should Know _h[electronic resource] / _cHamilton Wright Mabie |
| 260 |
_bProject Gutenberg, _c2003 |
||
| 505 | 0 | _aPerseus -- Hercules -- Daniel -- David -- St. George -- King Arthur -- Sir Galahad -- Siegfried -- Roland -- King Alfred -- The Cid -- Robin Hood -- Richard the Lion-Hearted -- Saint Louis -- William Tell -- Robert Bruce -- George Washington -- Robert E. Lee -- Abraham Lincoln -- Father Damien. | |
| 506 | _aPublic domain in the USA. | ||
| 516 | _aElectronic text | ||
| 653 | _aHeroes | ||
| 700 | 1 |
_aStephens, Kate, _d1853-1938 |
|
| 830 | 0 |
_aProject Gutenberg _v4265 |
|
| 856 | 4 | 0 | _uhttp://www.gutenberg.org/ebooks/4265 |
| 942 | _cEB | ||
| 999 |
_c233594 _d233594 |
||